| 000 | 00959nam a2200253 i 4500 | ||
|---|---|---|---|
| 001 | 12747 | ||
| 003 | ES-MaACL | ||
| 005 | 20250728053631.0 | ||
| 007 | t| | ||
| 008 | 930329s1991 sp ||||0| spa d | ||
| 020 | _a84-7232-613-6 | ||
| 080 | _a339.96(4-672 CE:100-773) | ||
| 100 | 1 |
_aTshimpanga Matala Kabangu. _9111605 |
|
| 245 | 1 | 3 |
_aLa política de desarrollo de la Comunidad Europea en África en el marco de los convenios de Lomé / _cTshimpanga Matala Kabangu ; prólogo de Fernando M. Valenzuela Marzo. |
| 260 |
_aMadrid : _bAgencia Española de Cooperación Internacional, _c1991. |
||
| 300 |
_a279 p. ; _c24 cm. |
||
| 504 | _aBibliografía: p. 239-279. | ||
| 650 | 7 |
_aAyuda económica europea- _zÁfrica _2 _9172617 |
|
| 650 | 4 |
_aConvenios de Lomé. _9172618 |
|
| 700 | 1 |
_aValenzuela Marzo, Fernando M. _9112629 |
|
| 710 | 2 |
_aAgencia Española de Cooperación Internacional. _91266 |
|
| 852 |
_aES-MaACL _jL-20035 |
||
| 999 |
_c12747 _d12747 |
||